A rugalmasság jegyében
Elmentve itt :
| Szerző: | |
|---|---|
| Dokumentumtípus: | Cikk |
| Megjelent: |
1983-01-05
|
| Sorozat: | Délmagyarország
73 No. 3 |
| Kulcsszavak: | Fémtex Ktsz., Pincegazdaság, Gumigyár |
| Online Access: | http://dmarchiv.bibl.u-szeged.hu/104457 |
| LEADER | 00477nab a2200157 i 4500 | ||
|---|---|---|---|
| 001 | delm104457 | ||
| 005 | 20190628131547.0 | ||
| 008 | 190628s1983 hu o 0|| hun d | ||
| 040 | |a SZTE Délmagyarország Archívum |b hun | ||
| 041 | |a hun | ||
| 100 | 1 | |a Somogyi Károlyné | |
| 245 | 1 | 2 | |a A rugalmasság jegyében |h [elektronikus dokumentum] / |c Somogyi Károlyné |
| 260 | |c 1983-01-05 | ||
| 300 | |a 1 | ||
| 490 | 0 | |a Délmagyarország |v 73 No. 3 | |
| 695 | |a Fémtex Ktsz., Pincegazdaság, Gumigyár | ||